| 000 | 00736nam a2200229 a 4500 | ||
|---|---|---|---|
| 001 | 45823 | ||
| 003 | BD-RjUL | ||
| 005 | 20211209054055.0 | ||
| 008 | 160728s1931 enkc b 000 0 eng d | ||
| 035 | _a(BD-RjUL)45941 | ||
| 040 |
_aDLC _cFDA _dFDA _dEQO _dBD-RjUL _beng |
||
| 041 | _aeng | ||
| 082 |
_a332.6109421 _223 _bMED 1931 |
||
| 100 | 1 |
_aMeredith, Hubert A. _9140145 |
|
| 245 | 1 | 4 |
_aThe drama of money making : _btragedy and comedy of the London Stock Exchange / _cby Hubert A. Meredith |
| 260 |
_aLondon : _bS. Low, Marston & co., ltd, _c1931 |
||
| 300 |
_avi, 314 p. : _bill. ; _c25 cm. |
||
| 504 | _aBibliography: p. 313-314 | ||
| 610 | 2 | 0 |
_aStock Exchange (London, England) _9140147 |
| 942 |
_2ddc _cBK |
||
| 999 |
_c45823 _d45823 |
||